Christ the one and only : (Record no. 36175)
[ view plain ]
| 000 -LEADER | |
|---|---|
| fixed length control field | 01716cam a22001934a 4500 |
| 005 - DATE AND TIME OF LATEST TRANSACTION | |
| control field | 20140520110330.0 |
| 008 - FIXED-LENGTH DATA ELEMENTS--GENERAL INFORMATION | |
| fixed length control field | 050906s2005 enk b 000 0 eng |
| 020 ## - INTERNATIONAL STANDARD BOOK NUMBER | |
| International Standard Book Number | 080102854X (pbk.) |
| 020 ## - INTERNATIONAL STANDARD BOOK NUMBER | |
| International Standard Book Number | 1842273426 |
| 245 00 - TITLE STATEMENT | |
| Title | Christ the one and only : |
| Remainder of title | a global affirmation of the uniqueness of Jesus Christ / |
| Statement of responsibility, etc | edited by Sung Wook Chung ; foreword by Alister E. McGrath. |
| 260 ## - PUBLICATION, DISTRIBUTION, ETC. (IMPRINT) | |
| Place of publication, distribution, etc | Milton Keynes, UK : |
| Name of publisher, distributor, etc | Paternoster ; |
| Place of publication, distribution, etc | Grand Rapids, Mich. : |
| Name of publisher, distributor, etc | Baker Academic, |
| Date of publication, distribution, etc | 2005. |
| 300 ## - PHYSICAL DESCRIPTION | |
| Extent | xvi, 240 p. ; |
| Dimensions | 23 cm. |
| 504 ## - BIBLIOGRAPHY, ETC. NOTE | |
| Bibliography, etc | Includes bibliographical references. |
| 505 0# - FORMATTED CONTENTS NOTE | |
| Formatted contents note | The incarnation of Christ and its implications to the ministry and mission of the church / Elias Dantas -- The uniqueness of the life and teachings of Christ / Clark H. Pinnock -- The uniqueness of Christ's suffering and death on the cross / Graham Tomlin -- The resurrection and the uniqueness of Jesus Christ / Gabriel Fackre -- The uniqueness of Christ as the revealer of God / Mark D. Thompson -- The uniqueness of Christ and the trinitarian faith / Veli-Matti Kärkkäinen -- The uniqueness of Christ in relation to Jewish people : the eternal crusade / Ellen T. Charry -- The uniqueness of Christianity in relation to Buddhism / Paul S. Chung -- Jesus Christ, eschatological prophet and incarnate savior : a Christian proposal to Muslims / Ng Kam Weng -- The law of love according to Confucius and Paul : cruciform love and ren ren (benevolent persons) of becoming fully human / K.K. Yeo -- Christianity and Buddhism : significant points of contact and their missional implications / Sung Wook Chung. |
| 600 00 - SUBJECT ADDED ENTRY--PERSONAL NAME | |
| Personal name | Jesus Christ. |
| 650 #0 - SUBJECT ADDED ENTRY--TOPICAL TERM | |
| Topical term or geographic name as entry element | Christianity and other religions. |
| 700 1# - ADDED ENTRY--PERSONAL NAME | |
| Personal name | Chung, Sung Wook, |
| Dates associated with a name | 1966- |
| 942 ## - ADDED ENTRY ELEMENTS (KOHA) | |
| Source of classification or shelving scheme | Library of Congress Classification |
| Item type | Books |
| Withdrawn status | Lost status | Source of classification or shelving scheme | Damaged status | Not for loan | Home library | Current library | Shelving location | Date acquired | Source of acquisition | Cost, normal purchase price | Accession number | Total Checkouts | Full call number | Barcode | Date last seen | Price effective from | Koha item type | Copy number |
|---|---|---|---|---|---|---|---|---|---|---|---|---|---|---|---|---|---|---|
| Library of Congress Classification | BSOP Library | BSOP Library | General Circulation | 11/11/2011 | Theological Book Network | 400.00 | 35706 | BT205 C46 2005 | 00042406 | 03/08/2013 | 03/08/2013 | Books | ||||||
| Dewey Decimal Classification | BSOP Library | BSOP Library | GC | 06/05/2013 | Theological Book Network | 400.00 | 35957 | BT205 C46 2005 | 00043457 | 06/05/2013 | 06/05/2013 | Books | c. 2 |
